02066cam a22003495a 450000100090000000300090000900500170001800800410003502000180007604000670009404100130016108200210017410000350019524500830023026400380031330000400035133600260039133700280041733800270044552007650047254600630123765000440130065000420134465000600138665100100144665300360145665500240149270000460151694200120156299900170157495201250159116802024EG-ScBUE20220307094444.0110531s2012 nyua f 000 1 eng d a9780307950697 aDLCbengerdacDLCdYDXdBTCTAdYDXCPdNSBdLF3dDLCdEG-ScBUE1 aenghpor04a869.342222bCOE1 aCoelho, Paulo,eauthor.92811010aAleph /cPaulo Coelho ; translated from the Portuguese by Margaret Jull Costa. 1aNew York :bVintage Books,c2012. a269 pages :billustrations ;c22 cm 2rdacontentatextbtxt 2rdamediaaunmediatedbn 2rdacarrieravolumebnc aAleph marks a return to the author's beginnings. In a frank and surprising personal story, one of the world's most beloved authors embarks on a remarkable and transformative journey of self discovery. Facing a grave crisis of faith, and seeking a path of spiritual renewal and growth, he decides to start over: to travel, to experiment, to reconnect with people and the world. On this journey through Europe, Africa, and Asia, he will again meet Hilal, the woman he loved 500 years before, an encounter that will initiate a mystical voyage through time and space, through past and present, in search of himself. Aleph is an encounter with our fears and our sins; a search for love and forgiveness, and the courage to confront the inevitable challenges of life. aText in English ; translated from the Portuguese language. 7aAuthorsxTravelvFiction.9281112BUEsh 7aReincarnationvFiction.9281122BUEsh 7aSelf-actualization (Psychology)vFiction.9281132BUEsh 2BUEsh bGGENcDecember2011cJanuary2018 vReading book9342321 aCosta, Margaret Jull.928116etranslator. 2ddccBB c25915d25887 00102ddc4070aMAINbMAINc2NDd2018-01-09l1o869.342 COEp000047128r2025-07-15 00:00:00s2020-02-16w2018-01-09yBB